[Event "AUS-ch U12 Girls"]
[Site "Sandy Bay"]
[Date "2010.01.24"]
[Round "8"]
[White "Lim, Denise"]
[Black "Alvares, Grace"]
[Result "1-0"]
[WhiteElo "940"]
[BlackElo "629"]
[PlyCount "133"]
[EventDate "2010.01.14"]
[EventType "tourn"]
[EventRounds "9"]
[EventCountry "AUS"]
[SourceTitle "EXT 2011"]
[Source "ChessBase"]
[SourceDate "2010.11.26"]
[SourceVersion "1"]
[SourceVersionDate "2010.11.26"]
[SourceQuality "1"]

1. d4 d5 2. Nf3 c6 3. Bf4 Nf6 4. e3 Bg4 5. c4 e6 6. Nbd2 Bb4 7. a3 Bd6 8. Bxd6 Qxd6 9. h3 Bh5 10. Be2 Nbd7 11. 0-0 0-0 12. Re1 h6 13. Qc2 Bg6 14. Qc3 Rfe8 15. Ne5 Ne4 16. Nxe4 Bxe4 17. Nxd7 Qxd7 18. Bd3 Bxd3 19. Qxd3 Rac8 20. b4 b5 21. c5 Rcd8 22. Kf1 Kf8 23. Ke2 e5 24. Kd2 e4 25. Qe2 a6 26. Ra2 Ra8 27. Rea1 Qb7 28. Kc3 Ra7 29. Qc2 f5 30. Qe2 Rea8 31. Qb2 Qc7 32. g3 a5 33. bxa5 Qxa5+ 34. Qb4 Qxb4+ 35. Kxb4 Ra4+ 36. Kb3 Kf7 37. Kc3 b4+ 38. Kb3 bxa3 39. Rxa3 Rxa3+ 40. Rxa3 Rxa3+ 41. Kxa3 Ke6 42. Ka4 g6 43. Ka5 Kd7 44. Kb6 g5 45. h4 gxh4 46. gxh4 h5 47. Kb7 Ke6 48. Kxc6 f4 49. Kb7 fxe3 50. fxe3 Kf5 51. c6 Kg4 52. c7 Kf3 53. c8Q Kxe3 54. Qc3+ Kf4 55. Qe1 e3 56. Kc6 Ke4 57. Kc5 Kd3 58. Kxd5 e2 59. Ke5 Ke3 60. d5 Kd3 61. d6 Ke3 62. d7 Kd3 63. d8Q+ Ke3 64. Qdd2+ Kf3 65. Qexe2+ Kg3 66. Qe4 Kh3 67. Qdg2# 1-0

[Event "AUS-ch U12 Girls"]
[Site "Sandy Bay"]
[Date "2010.01.23"]
[Round "7"]
[White "Alvares, Grace"]
[Black "Pretorius, Helen"]
[Result "1-0"]
[WhiteElo "629"]
[BlackElo "175"]
[PlyCount "85"]
[EventDate "2010.01.14"]
[EventType "tourn"]
[EventRounds "9"]
[EventCountry "AUS"]
[SourceTitle "EXT 2011"]
[Source "ChessBase"]
[SourceDate "2010.11.26"]
[SourceVersion "1"]
[SourceVersionDate "2010.11.26"]
[SourceQuality "1"]

1. e4 g6 2. d4 c6 3. Be3 d6 4. Nc3 Nd7 5. Qd2 Ngf6 6. f3 Bg7 7. 0-0-0 0-0 8. h4 Qb6 9. Bh6 Bxh6 10. Qxh6 e5 11. Nge2 exd4 12. Nxd4 Ne5 13. Nf5 gxf5 14. Qxf6 fxe4 15. h5 Qe3+ 16. Kb1 h6 17. Nxe4 d5 18. Qxe5 dxe4 19. Qxe4 Qxe4 20. fxe4 Bg4 21. Re1 Rad8 22. Be2 Bxe2 23. Rxe2 Rd7 24. Kc1 Re8 25. Rd1 Rxd1+ 26. Kxd1 Re5 27. g4 Rg5 28. Rg2 Kg7 29. Kd2 Kf6 30. Kd3 Ra5 31. a3 Ra6 32. Rf2+ Kg5 33. Rxf7 Kxg4 34. e5 c5 35. Ke4 Rb6 36. b3 Kxh5 37. Kd5 Rc6 38. Rg7 Rc8 39. e6 Re8 40. Kd6 Rc8 41. c4 Rc6+ 42. Kd7 Rxe6 43. Kxe6 1-0

[Event "AUS-ch U12 Girls"]
[Site "Sandy Bay"]
[Date "2010.01.21"]
[Round "6"]
[White "Christian, Kashish"]
[Black "Alvares, Grace"]
[Result "0-1"]
[WhiteElo "567"]
[BlackElo "629"]
[PlyCount "96"]
[EventDate "2010.01.14"]
[EventType "tourn"]
[EventRounds "9"]
[EventCountry "AUS"]
[SourceTitle "EXT 2011"]
[Source "ChessBase"]
[SourceDate "2010.11.26"]
[SourceVersion "1"]
[SourceVersionDate "2010.11.26"]
[SourceQuality "1"]

1. e4 e5 2. Bc4 Bc5 3. Nc3 Nf6 4. d3 d6 5. Nf3 Bg4 6. h3 Be6 7. Bxe6 fxe6 8. Bg5 Nc6 9. 0-0 0-0 10. Ne2 Qe8 11. c3 Qg6 12. b4 Bb6 13. a4 a5 14. b5 Ne7 15. Qd2 h6 16. Be3 Bxe3 17. Qxe3 d5 18. Ng3 b6 19. Nxe5 Qe8 20. c4 Ng6 21. Nf3 c5 22. exd5 exd5 23. Qxe8 Rfxe8 24. Rae1 dxc4 25. dxc4 Nf4 26. Ra1 Rad8 27. Rad1 Nd3 28. Rd2 Ne5 29. Rxd8 Nxf3+ 30. gxf3 Rxd8 31. Ne2 Rd2 32. Nc3 Rc2 33. Ne4 Rxc4 34. Nxf6+ gxf6 35. Ra1 Rd4 36. Kg2 Kf7 37. Kg3 c4 38. f4 c3 39. Rc1 Rc4 40. f3 Ke6 41. Kg4 Kd5 42. Kh5 Kd4 43. Kxh6 Kd3 44. h4 Rxf4 45. h5 Rxf3 46. Kh7 Rg3 47. h6 Kd2 48. Kh8 Rh3 0-1